|
|
|
|
| LEADER |
01210nam a22003011 4500 |
| 001 |
39105 |
| 003 |
BD-DhAAL |
| 008 |
220719r19731968enk b 001 0 eng d |
| 999 |
|
|
|c 44595
|d 44595
|
| 010 |
|
|
|a 2011377063
|
| 020 |
|
|
|z 393005127 (pbk.)
|
| 040 |
|
|
|a DLC
|c DLC
|d DLC
|d BD-DhAAL
|
| 043 |
|
|
|a e-fr---
|
| 050 |
0 |
0 |
|a DC143
|b .C6 1970
|
| 082 |
0 |
0 |
|a 944.0408
|
| 100 |
1 |
|
|a Cobban, Alfred.
|9 49982
|
| 245 |
1 |
0 |
|a Aspects of the French revolution /
|c Alfred Cobban.
|
| 260 |
|
|
|a Frogmore :
|b Granada Publishing Limited,
|c c1968 [reprinted 1973].
|
| 300 |
|
|
|a 327 pages ;
|c 20 cm.
|
| 440 |
|
4 |
|a The Norton Library,
|v 512
|9 49983
|
| 500 |
|
|
|a "First published in the Norton Library 1970 by arrangement with George Braziller, Inc."--T.p. verso.
|
| 500 |
|
|
|a Includes index.
|
| 504 |
|
|
|a Bibliographical references included in "Notes" (p. 288-320)
|
| 541 |
|
|
|a Donated By Akbar Ali Khan
|e 39105
|
| 651 |
|
0 |
|a France
|x History
|y Revolution, 1789-1799.
|9 49984
|
| 852 |
|
|
|a Ayesha Abed Library
|c Akbar Ali Khan Collection
|
| 942 |
|
|
|2 ddc
|c BK
|
| 952 |
|
|
|0 0
|1 0
|2 ddc
|4 0
|6 944_040800000000000_COB
|7 1
|9 71287
|a BRACUL
|b BRACUL
|c AAKC
|d 2022-07-19
|e Donated by Akbar Ali Khan
|l 0
|o 944.0408 COB
|p 3010039105
|r 2022-07-19
|t 1
|w 2022-07-19
|y BK
|